| 000 | 00458pab a2200169 454500 | ||
|---|---|---|---|
| 008 | 180718b2014 xxu||||| |||| 00| 0 eng d | ||
| 100 | _aQuddusi, Kazi S.M. Khasrul Alam | ||
| 245 | _aGovernance and development: The Bangladesh continuum | ||
| 260 | _c2014 | ||
| 300 | _ap.380-396. | ||
| 362 | _aOct-Dec | ||
| 650 | _aPublic administration - Bangladesh | ||
| 650 | _aPublic administration | ||
| 773 | _aSocial Action | ||
| 908 | _aN | ||
| 909 | _a106022 | ||
| 999 |
_c106017 _d106017 |
||